1280 1817 1582 1374 1029 1789 1020 1746 1558 1196 1646 1152 1572 1707 1190 1428 1540 1269 1017 1091 1078 1633 1961 1232 1564 1265 1484 1881 1628 1377 1043 1287 1049 1706 1200 1113 1677 1377 1125 1154 1037 1900 1837 1577 1366 1282 1760 1994 1125 1877 1496 1605 1736 1809 1590 1551 1383 1148 1230 1685 1679 1006 1536 1249 1698 1988 1115 1366 1573 1713 1138 1790 1715 1741 1663 1542 1392 1781 1548 1589 1155 1440 1167 1121 1982 1903 1099 1641 1630 1760 1808 1634 1850 1128 1444 1644 1293 1870 1890 BCNSPRNW ULIB Ver.6.0+V

เปลี่ยนเป็นภาษาไทย

Change to English
 แสดงรายละเอียดบรรณานุกรม
  กลับหน้าหลัก

Brief Record : Get Marc (ISO 2709) : E-mail record : QR code < ปิดหน้าต่าง
LEADER : 00000nam 2200000uu 4500
001    13399114945
003     ULIB
008    120624s2008||||th 000 0 eng d
020    ^a9780521734592 (paperback)
050  4 ^aPE1131^bR312f
100 1  ^aRedston, Chris.
245 10 ^aFace2face pre-intermediate students book with cd-rom/audio cd / ^cChris Redston, Gillie Cunningham.
260    ^a[S.l.] : ^bCambridge University Press,^c2008.
300    ^a160 p. ; ^c28 cm.
520    ^aThe Students Book provides approximately 80 hours of core teaching material, which can be extended to 120 hours with the inclusion of the photocopiable resources and extra ideas in the Teacher s Book. Each self-contained double-page lesson is easily teachable off the page with minimal preparation. The Students Book comes packaged with a free fully-interactive CD-ROM/Audio CD with over 200 exercises in all language areas, including video, games, recording capability, progress chart and customised tests. There is also a selection of material from the Real World lessons which can be listened to on normal CD players.
650  0 ^aEnglish--Use
700 1  ^aCunningham, Gillie.
945    ^p395^l0^i19098
945    ^p395^l0^i19099
945    ^p395^l0^i19100
945    ^p395^l0^i19101
945    ^p395^l0^i19102
945    ^p395^l0^i19103
945    ^p395^l0^i19104
945    ^p395^l0^i19105
945    ^p395^l0^i19106
945    ^p395^l0^i19107
995    ^aKesorn
999    ^aใช้งานได้ทุกระบบ
รายการนี้ยังไม่มีแท็ก
คุณยังไม่ได้ล็อกอิน คุณสามารถมีกิจกรรมร่วมกับเว็บไซต์ได้ แต่ต้องล็อกอินก่อน ::
  ล็อกอิน

รายการสื่อสารสนเทศ

ลำดับที่ ประเภท เลขเรียก/บาร์โค้ด สถานที่ สถานะ
1. วิทยาศาสตร์การแพทย์ และสุขภาพ
วิทยาศาสตร์การแพทย์ และสุขภาพ
PE1131 R312f ฉ.10 
  Barcode: 19107
ห้องสมุดวิทยาเขตสวรรค์ประชารักษ์
►นวนิยาย
บนชั้น
  ขอยืม
2. วิทยาศาสตร์การแพทย์ และสุขภาพ
วิทยาศาสตร์การแพทย์ และสุขภาพ
PE1131 R312f ฉ.2 
  Barcode: 19099
ห้องสมุดวิทยาเขตสวรรค์ประชารักษ์
►นวนิยาย
บนชั้น
  ขอยืม
3. วิทยาศาสตร์การแพทย์ และสุขภาพ
วิทยาศาสตร์การแพทย์ และสุขภาพ
PE1131 R312f ฉ.3 
  Barcode: 19100
ห้องสมุดวิทยาเขตสวรรค์ประชารักษ์
►นวนิยาย
บนชั้น
  ขอยืม
4. วิทยาศาสตร์การแพทย์ และสุขภาพ
วิทยาศาสตร์การแพทย์ และสุขภาพ
PE1131 R312f ฉ.4 
  Barcode: 19101
ห้องสมุดวิทยาเขตสวรรค์ประชารักษ์
►นวนิยาย
บนชั้น
  ขอยืม
5. วิทยาศาสตร์การแพทย์ และสุขภาพ
วิทยาศาสตร์การแพทย์ และสุขภาพ
PE1131 R312f ฉ.5 
  Barcode: 19102
ห้องสมุดวิทยาเขตสวรรค์ประชารักษ์
►นวนิยาย
บนชั้น
  ขอยืม
6. วิทยาศาสตร์การแพทย์ และสุขภาพ
วิทยาศาสตร์การแพทย์ และสุขภาพ
PE1131 R312f ฉ.6 
  Barcode: 19103
ห้องสมุดวิทยาเขตสวรรค์ประชารักษ์
►นวนิยาย
บนชั้น
  ขอยืม
7. วิทยาศาสตร์การแพทย์ และสุขภาพ
วิทยาศาสตร์การแพทย์ และสุขภาพ
PE1131 R312f ฉ.7 
  Barcode: 19104
ห้องสมุดวิทยาเขตสวรรค์ประชารักษ์
►นวนิยาย
บนชั้น
  ขอยืม
8. วิทยาศาสตร์การแพทย์ และสุขภาพ
วิทยาศาสตร์การแพทย์ และสุขภาพ
PE1131 R312f ฉ.8 
  Barcode: 19105
ห้องสมุดวิทยาเขตสวรรค์ประชารักษ์
►นวนิยาย
บนชั้น
  ขอยืม
9. วิทยาศาสตร์การแพทย์ และสุขภาพ
วิทยาศาสตร์การแพทย์ และสุขภาพ
PE1131 R312f ฉ.9 
  Barcode: 19106
ห้องสมุดวิทยาเขตสวรรค์ประชารักษ์
►นวนิยาย
บนชั้น
  ขอยืม

รายการใกล้เคียง
    ผู้แต่ง [Redston, Chris.]

    หัวเรื่อง [English--Use]

BibComment


ยังไม่เคยถูกคอมเมนท์

คอมเมนท์ทรัพยากรรายการนี้
  คอมเมนท์: Face2face preint..


 Copyright 2026. Bcnsprnw @Library